00294nam a2200109 a 4500008004100000050001600041100001700057245005200074260003300126300001600159350000900175120416s1973 ||||||||||||||||| || u aTK 6550 Mol aMolchanov, A10aElectrical and radio engineering for physicists aMoscowbMir Publishersc1973 a476p. : ill a0.00